Интенсификация и система управления промышленным производством (организационно-экономический аспект)

Бібліографічні деталі
Автор: Столяров В. Ф. Василий Федосеевич
Співавтор: Научно-исследовательский экономический институт Госплан УССР
Мова:Російська
Опубліковано: Киев, Наукова думка, 1988
Предмети:
Формат: Книга
KOHA link:https://koha.lib.tpu.ru/cgi-bin/koha/opac-detail.pl?biblionumber=262695

MARC

LEADER 00000nam0a2200000 4500
001 262695
005 20231101233657.0
010 |a 5120000797 
035 |a (RuTPU)RU\TPU\book\285678 
090 |a 262695 
100 |a 20140603d1988 k y0rusy50 ca 
101 0 |a rus 
102 |a UA 
105 |a a z 001zy 
200 1 |a Интенсификация и система управления промышленным производством (организационно-экономический аспект)  |f В. Ф. Столяров  |f В. Ф. Столяров 
210 |a Киев  |c Наукова думка  |d 1988 
215 |a 259 с.  |c ил. 
320 |a Библиогр.: с. 251-260. 
320 |a Предметный указатель: с. 261. 
606 1 |a Угольные шахты  |x Управление  |2 stltpush  |3 (RuTPU)RU\TPU\subj\62888  |9 79943 
610 1 |a интенсификация 
610 1 |a угольное производство 
610 1 |a УССР 
610 1 |a экономический механизм 
610 1 |a планирование 
675 |a 622.333.012.2:658.5  |v 3 
700 1 |a Столяров  |b В. Ф.  |g Василий Федосеевич 
712 0 2 |a Научно-исследовательский экономический институт  |b Госплан УССР  |2 stltpush  |3 (RuTPU)RU\TPU\col\13732  |9 25765 
801 1 |a RU  |b 63413507  |c 20140603 
801 2 |a RU  |b 63413507  |c 20150507  |g RCR 
942 |c BK